Autobiography or the story of experiments with truth (Record no. 3465)

MARC details
000 -LEADER
fixed length control field 00588cam a2200205ua 4500
001 - CONTROL NUMBER
control field 3626
005 - DATE AND TIME OF LATEST TRANSACTION
control field 20260515113716.0
008 - FIXED-LENGTH DATA ELEMENTS--GENERAL INFORMATION
fixed length control field 111126n ii |||gr||||Z||||||eng
040 ## - CATALOGING SOURCE
Transcribing agency MAIN
082 ## - DEWEY DECIMAL CLASSIFICATION NUMBER
Classification number 920
100 ## - MAIN ENTRY--PERSONAL NAME
Personal name Gandhi, M. K.,
Relator term Author.
245 11 - TITLE STATEMENT
Title Autobiography or the story of experiments with truth
Statement of responsibility, etc. by M. K. Gandhi
250 ## - EDITION STATEMENT
Edition statement 2nd.
260 ## - PUBLICATION, DISTRIBUTION, ETC.
Place of publication, distribution, etc. Ahmedabad:
Name of publisher, distributor, etc. Vajivan publishing house,948.
300 ## - PHYSICAL DESCRIPTION
Extent 640p:
Dimensions 23cm.
653 ## - INDEX TERM--UNCONTROLLED
Uncontrolled term Autobiography
653 ## - INDEX TERM--UNCONTROLLED
Uncontrolled term Autobiography or the story of experiments with truth
700 ## - ADDED ENTRY--PERSONAL NAME
Personal name Desai, Mahadev,
Relator term Translator.
942 ## - ADDED ENTRY ELEMENTS (KOHA)
Koha item type Books
Holdings
Withdrawn status Lost status Damaged status Not for loan Home library Current library Shelving location Date acquired Total checkouts Full call number Barcode Date last seen Copy number Price effective from Koha item type
        Naharkatiya College Library Naharkatiya College Library General stacks 09/19/2020   920 | GAN 6230 09/19/2020 1 09/19/2020 Books